000 01035nam a2200289Ia 4500
001 F6001
003 IT-RoPAU
008 130308s9999 xx 000 0 und d
040 _aIT-RoPAU
040 _cIT-RoPAU
041 _aITALIANO
100 _aMarazza Antonietta
100 _gCodice Aut. SPICS: 51896
245 _aFormazione dottrinale (La)
245 _bAtti del Convegno delle Maestre di Formazione (8-17 Luglio 1967)
250 _a1a ed.
260 _aROMA
260 _bEdizioni Paoline Fsp
260 _c1967 [1° Ed.:1967 - Ed.Ling.Originale:1967]
300 _a"24 p. (prefazione: no ; testo: 24 [pagine: 215-238])"
500 _aFormatività degli Studi. Ordinamento delle Scuole in Congregazione. caratteristiche dei Nostri Studi. Necessità di Aggiornamento. Inserimento Nei corsi Superiori. sintesi delle relazioni dei Gruppi. Puntualizzazioni in Sessione Plenaria.
650 _aAUTORI/OPERE FAMIGLIA PAOLINA
650 _eCodice materia Spics: 9903
942 _cBK
957 _71
999 _c87355
_d87355
999 _g1